| 000 | 00954nam a2200217Ia 4500 | ||
|---|---|---|---|
| 999 |
_c39682 _d39682 |
||
| 001 | 6285 | ||
| 003 | GE_BSU | ||
| 005 | 20191022161040.0 | ||
| 008 | 181216s1945||||ge |||||||||||||| ||geo|| | ||
| 040 | _cGE_BSU | ||
| 041 | _ageo | ||
| 080 | _a821.353.1(092) ბ-25 | ||
| 100 |
_aბარათაშვილი, ნიკოლოზ _94936 |
||
| 245 |
_aთხზულებანი = Сочинения / _cნიკოლოზ ბარათაშვილი ; [რედ. კ. კეკელიძე ; გაფორმება მხატვარ ლ. გრიგოლიასი]. |
||
| 264 |
_aთბილისი : _bსახელგამი ; _c1945. |
||
| 300 |
_a170 გვ. ; _c26 სმ. |
||
| 653 | _aთხზულებანი | ||
| 700 |
_aკეკელიძე, კ. _eრედაქტორი _93519 |
||
| 700 |
_a გრიგოლია, ლ. _e მხატვარი _94940 |
||
| 942 |
_cBK _2udc |
||